Представление документа в формате MARC21

ПолеНазваниеЗначение
  Тип записи a
  Библиографический уровень m
001 Контрольный номер RU\infra-m\znanium\bibl\2235599
005 Дата корректировки 20260429142132.9
008 Кодируемые данные 260120s2025 RU g rus u
020 Индекс ISBN __
a ISBN 978-5-9614-4218-2
040 Источник каталогиз. __
a Служба первич. каталог. Общество с ограниченной ответственностью «ЗНАНИУМ»
041 Код языка издания __
a Код языка текста rus
044 Код страны публикации __
a Код страны публикации RU
080 Индекс УДК __
a Индекс УДК 808
084 Индекс другой классификации/Индекс ББК __
2 Источник индекса rubbk
a Индекс другой классификации/Индекс ББК 83
084 Индекс другой классификации/Индекс ББК __
2 Источник индекса okso
a Индекс другой классификации/Индекс ББК 45.03.01
100 Автор __
a Автор Воннегут К.
q Полное имя Воннегут Курт
245 Заглавие __
a Заглавие Пожалейте читателя: Как писать хорошо
b Продолж. заглавия Практическое пособие
250 Сведения об издании __
a Основные сведения об издании 1
260 Выходные данные __
a Место издания Москва
b Издательство ООО "Альпина Паблишер"
c Дата издания 2026
300 Физическое описание __
a Объем 568 с.
520 Аннотация __
a Аннотация Книга «Пожалейте читателя» — сборник советов Курта Воннегута начинающим писателям его размышления о писательстве как ремесле и искусстве. А еще это биография мастера американской литературы подготовленная после смерти Курта Воннегута писательницей Сьюзен Макконнелл его бывшей студенткой которая много лет с ним дружила. Остроумные и язвительные рекомендации Воннегута взятые из его романов эссе лекций статей интервью и писем с подробными комментариями Сьюзен Макконнелл вдохновят каждого кто выбрал писательский путь. Они помогут понять о чем и для кого писать где отыскивать истории и как не пропасть в омуте творческого ступора и страха. «Пожалейте читателя» — полезное руководство для начинающих авторов и отличный подарок всем поклонникам творчества Курта Воннегута.
521 Примеч. о цел. назн. __
a Примеч. о целев. назн. Дополнительное образование
650 Тематические рубрики __
a Основная рубрика Филологические науки
x Основная подрубрика Теория литературы
655 Указ. предметных рубрик (устаревшее) __
a Жанр/ форма (устаревшее) Практическое пособие
700 Другие авторы __
a Другие авторы Макконнелл С.
q Полное имя Макконнелл Сьюзен
856 Электронный адрес документа 4_
a Имя сервера/домена znanium.ru
m Помощь ebs_support@infra-m.ru
n Местонахождение сервера НИЦ ИНФРА-М
u URL https://znanium.ru/catalog/document?id=473725
856 Электронный адрес документа 48
a Имя сервера/домена znanium.ru
d Путь /cover/2235
f Электронное имя 2235599.jpg
q Тип электронного формата image/jpeg
u URL https://znanium.ru/cover/2235/2235599.jpg
911 __
u 0030=https://znanium.ru/catalog/document?id=473725